Diagnosing autism : (Record no. 276755)
[ view plain ]
| 000 -LEADER | |
|---|---|
| fixed length control field | 01710cam a22003378a 4500 |
| 001 - CONTROL NUMBER | |
| control field | 15892057 |
| 005 - DATE AND TIME OF LATEST TRANSACTION | |
| control field | 20141110133734.0 |
| 008 - FIXED-LENGTH DATA ELEMENTS--GENERAL INFORMATION | |
| fixed length control field | 090901s2009 enk b 001 0 eng |
| 010 ## - LIBRARY OF CONGRESS CONTROL NUMBER | |
| LC control number | 2009035846 |
| 020 ## - INTERNATIONAL STANDARD BOOK NUMBER | |
| International Standard Book Number | 9780470749241 (cloth) |
| 020 ## - INTERNATIONAL STANDARD BOOK NUMBER | |
| International Standard Book Number | 9780470749234 (pbk.) |
| 035 ## - SYSTEM CONTROL NUMBER | |
| System control number | (DNLM)101514348 |
| 040 ## - CATALOGING SOURCE | |
| Original cataloging agency | DNLM/DLC |
| Transcribing agency | DLC |
| 042 ## - AUTHENTICATION CODE | |
| Authentication code | pcc |
| 050 00 - LIBRARY OF CONGRESS CALL NUMBER | |
| Classification number | RC 553.A88 |
| Item number | .G35 2010 |
| 060 10 - NATIONAL LIBRARY OF MEDICINE CALL NUMBER | |
| Classification number | WM 203.5 |
| Item number | G172d 2009 |
| 082 00 - DEWEY DECIMAL CLASSIFICATION NUMBER | |
| Classification number | 616.85/882075 |
| 100 1# - MAIN ENTRY--PERSONAL NAME | |
| Personal name | Gallo, Donald P. |
| 245 10 - TITLE STATEMENT | |
| Title | Diagnosing autism : |
| Remainder of title | a lifespan perspective / |
| Statement of responsibility, etc | Donald P. Gallo. |
| 260 ## - PUBLICATION, DISTRIBUTION, ETC. (IMPRINT) | |
| Place of publication, distribution, etc | Chichester, West Sussex ; |
| -- | Malden, MA : |
| Name of publisher, distributor, etc | J. Wiley, |
| Date of publication, distribution, etc | 2010. |
| 263 ## - PROJECTED PUBLICATION DATE | |
| Projected publication date | 1004 |
| 300 ## - PHYSICAL DESCRIPTION | |
| Extent | 186 pages ; |
| Dimensions | 24 cm. |
| 504 ## - BIBLIOGRAPHY, ETC. NOTE | |
| Bibliography, etc | Includes bibliographical references and index. |
| 505 0# - FORMATTED CONTENTS NOTE | |
| Formatted contents note | A brief look at the history of autism -- The importance of the autism referral -- How to conduct an appropriate autism evaluation -- Information to be obtained before asking about autism -- The diagnostic criteria for the autism spectrum disorders -- The main problem areas of autism : social impairment -- The main problem areas of autism : language impairment -- The main problem areas of autism : behavioral concerns -- Additional questions to ask when interviewing teens -- Additional questions to ask when interviewing adults -- Other important factors to take into consideration -- Differential diagnosis through the lifespan -- Feedback for the patient and family/parents. |
| 521 ## - TARGET AUDIENCE NOTE | |
| Target audience note | Special Education |
| 650 #0 - SUBJECT ADDED ENTRY--TOPICAL TERM | |
| Topical term or geographic name as entry element | Autism |
| General subdivision | Diagnosis. |
| 650 12 - SUBJECT ADDED ENTRY--TOPICAL TERM | |
| Topical term or geographic name as entry element | Autistic Disorder |
| General subdivision | diagnosis. |
| 906 ## - LOCAL DATA ELEMENT F, LDF (RLIN) | |
| a | 7 |
| b | cbc |
| c | orignew |
| d | 1 |
| e | ecip |
| f | 20 |
| g | y-gencatlg |
| 942 ## - ADDED ENTRY ELEMENTS (KOHA) | |
| Source of classification or shelving scheme | Library of Congress Classification |
| Koha item type | Books |
| Call number prefix | Foreign |
| Withdrawn status | Lost status | Source of classification or shelving scheme | Damaged status | Home library | Current library | Shelving location | Date acquired | Source of acquisition | Cost, normal purchase price | Total Checkouts | Total Renewals | Full call number | Barcode | Date last seen | Date checked out | Price effective from | Koha item type |
|---|---|---|---|---|---|---|---|---|---|---|---|---|---|---|---|---|---|
| Library of Congress Classification | College Library | College Library | General Circulation Section | 11/10/2014 | Library Fund | 2328.00 | 1 | 6 | RC 553.A88 .G35 2010 | C18874 | 05/15/2018 | 09/16/2017 | 11/10/2014 | Books |